000 02232cam a2200289 4500500
005 20260111094144.0
041 _afre
042 _adc
100 1 0 _aRuf, Thierry
_eauthor
245 0 0 _aDroits d'eau et institutions communautaires dans les Pyrénées-Orientales
260 _c2001.
500 _a83
520 _aRésumé Dans l’histoire des sociétés rurales, le développement de l’agriculture irriguée est relativement peu traité. Cet article est consacré à l’un des terroirs irrigués anciens du sud-est de la France. Comme le réseau fonctionne encore aujourd’hui, on peut s’interroger sur la permanence et le renouvellement des techniques hydrauliques et des institutions régissant son fonctionnement. En analysant les archives historiques locales et départementales, on établit une continuité historique et on relève des successions de crises et de réformes. Les parties en conflit font toujours références aux textes fondateurs comme des ressources politiques justifiant leurs actions ou revendications.
520 _aIn the history of rural societies, the development of the irrigated agriculture is a relatively little-studied topic. This article analyzes one of the oldest irrigated territories of the Southeast of France. Since the system is still in use today, we can raise the issue of the premanence and renewal of the hydraulic techniques, and of the institutions which govern its operations. By analyzing départementales and local archives, we can construct a historical continuity and track a succession of crises and reforms. Parties in conflict have always made reference to the founding texts, using them as political resources justifying their actions or claims.
690 _aconflict resolution
690 _adroit d'eau
690 _ahydraulic
690 _ahydraulique
690 _ainstitutions
690 _airrigation
690 _arésolution de conflit
690 _asubsidiarité
690 _asubsidiarity
690 _awater rights
786 0 _nHistoire & Sociétés Rurales | 16 | 2 | 2001-10-01 | p. 11-44 | 1254-728X
856 4 1 _uhttps://shs.cairn.info/revue-histoire-et-societes-rurales-2001-2-page-11?lang=fr&redirect-ssocas=7080
999 _c1628168
_d1628168